00993nam a2200289 a 4500001001000000003000900010005001700019007000300036008003400039020001500073040003100088082002900119100004500148245011100193264007100304300002800375336002700403337003300430338002800463490002800491650002400519650002700543650002900570650002500599700005100624700002800675000014085DO-SdBPM20250811143505.0ta091204s2006 dr 000 j spa d a9993442526 aDO-SdBPMbspacBPMSU drda 4aRD863.44bM524c 20062221 aMella Chavier, Herman R.,d1938-eautor 10aCantar bien, cantar como ... y otros cuentos /cHerman R. Mella Chavier ; prólogo Marcio Veloz Maggiolo. aSanto Domingo :bDirección General de la Feria del Libro,c2006. a81 páginas ;c23 cm. atextobtxt2rdacontent asin mediaciónbn2rdamedia avolumenbnc2rdacarrier0 aEdiciones Ferilibrov95 7aCuentos dominicanos 7aLiteratura dominicana.z aShort stories, Dominicanz aDominican literature1 aVeloz Maggiolo, Marcio,d1936-2021eprólogo z a Maggiolo, Marcio Veloz